000
00216 a2200097 4500
001
4638
100
_a
Sutton,R.M
245
_a
Demonstration experiments in physics
260
_a
_b
Mcgrawhill
_c
090
_c
3832
_d
3832
942
_a
NUST-CAE
_c
M
_c
30081
999
_c
239711
_d
239711